1488 1850 1845 1191 1075 1583 1062 1865 1053 1979 1601 1876 1299 1574 1889 1388 1057 1214 1031 1579 1606 1905 1869 1182 1193 1763 1685 1742 1113 1026 1669 1378 1652 1627 1998 1791 1368 1271 1464 1159 1613 1451 1561 1282 1508 1676 1723 1903 1647 1057 1736 1247 1543 1341 1972 1665 1422 1883 1307 1658 1474 1992 1388 1571 1424 1679 1477 1264 1444 1027 1106 2000 1808 1512 1047 1931 1504 1718 1816 1928 1917 1400 1532 1414 1270 1390 1134 1905 1272 1056 1587 1841 1909 1984 1846 1965 1516 1156 1029 BCNSPRNW ULIB Ver.6.0+V

เปลี่ยนเป็นภาษาไทย

Change to English
 แสดงรายละเอียดบรรณานุกรม
  กลับหน้าหลัก

Brief Record : Get Marc (ISO 2709) : E-mail record : QR code < ปิดหน้าต่าง
LEADER : 00000nam 2200000uu 4500
001    13399122125
003     ULIB
008    121228s||||||||th 000 0 tha d
090    ^aนว ท121จ ล.1
245    ^aจิตา/ทมยันตี
250    ^aพิมพ์ครั้งที่ 1
260    ^aกรุงเทพฯ : ณ บ้านวรรณกรรม, 2546
300    ^a324 หน้า^b2 เล่ม ^p320 บาท
650    ^aนวนิยาย
945    ^p0^l0^i008657
999    ^aใช้งานได้ทุกระบบ
รายการนี้ยังไม่มีแท็ก
คุณยังไม่ได้ล็อกอิน คุณสามารถมีกิจกรรมร่วมกับเว็บไซต์ได้ แต่ต้องล็อกอินก่อน ::
  ล็อกอิน

รายการสื่อสารสนเทศ

ลำดับที่ ประเภท เลขเรียก/บาร์โค้ด สถานที่ สถานะ
1. นวนิยาย
นวนิยาย
นว ท121จ ล.1  
  Barcode: 008657
ห้องสมุดวิทยาเขตสวรรค์ประชารักษ์
►นวนิยาย
บนชั้น
  ขอยืม

รายการใกล้เคียง
    หัวเรื่อง [นวนิยาย]

BibComment


ยังไม่เคยถูกคอมเมนท์

คอมเมนท์ทรัพยากรรายการนี้
  คอมเมนท์: จิตาทมยันตี


 Copyright 2026. Bcnsprnw @Library